000 00301nam a22001337a 4500
008 170905b xxu||||| |||| 00| 0 eng d
020 _a9780321023957
041 _aeng
080 _28 ED
_a070
100 _a40
101 _aMED
245 _aTECHNICAL COMMUNICATION
_cLANNOBN.J.M
942 _2udc
_cBK
999 _c26102
_d26102